1433 1941 1890 1943 1973 1745 1694 1144 1622 1928 1885 1980 1714 1767 1671 1840 1830 1920 1576 1308 1919 1109 1370 1541 1661 1893 1614 1248 1357 1102 1151 1133 1723 1700 1916 1846 1061 1447 1209 1423 1457 1415 1187 1399 1678 1574 1444 1810 1760 1464 1518 1510 1264 1011 1946 1343 1751 1473 1420 1484 1373 1927 1765 1984 1246 1200 1757 1344 1667 1495 1791 1014 1596 1480 1359 1113 1021 1549 1777 1311 1980 1787 1222 1759 1487 1501 1091 1819 1002 1703 1263 1094 1857 1070 1176 1656 1894 1893 1575 BCNSPRNW ULIB Ver.6.0+V

เปลี่ยนเป็นภาษาไทย

Change to English
 แสดงรายละเอียดบรรณานุกรม
  กลับหน้าหลัก

Brief Record : Get Marc (ISO 2709) : E-mail record : QR code < ปิดหน้าต่าง
LEADER : 00000nam 2200000uu 4500
001    13399124413
003     ULIB
008    110627s2557||||th 000 0 tha d
020    9786165000543
090    นว.^bอ998ค
100 0  ศรีสุรางค์
245 00 วินธัย/^cศรีสุรางค์
250    พิมพ์ครั้งที่ 2
260    กรุงเทพฯ :^bพิมพ์คำ,^c2557
300    711 หน้า
710 1  พิมพ์คำ
945    ^p390^l0^i039528
995    ทศพร
999 ^a ใช้งานได้ทุกระบบ
รายการนี้ยังไม่มีแท็ก
คุณยังไม่ได้ล็อกอิน คุณสามารถมีกิจกรรมร่วมกับเว็บไซต์ได้ แต่ต้องล็อกอินก่อน ::
  ล็อกอิน

รายการสื่อสารสนเทศ

ลำดับที่ ประเภท เลขเรียก/บาร์โค้ด สถานที่ สถานะ
1. นวนิยาย
นวนิยาย
นว. อ998ค ฉ.1 
  Barcode: 039528
ห้องสมุดวิทยาเขตนครสวรรค์
►นวนิยาย:l:Fiction
ถูกยืม กำหนดส่งวันที่ 11 กรกฎาคม 2568
  จอง

BibComment


ยังไม่เคยถูกคอมเมนท์

คอมเมนท์ทรัพยากรรายการนี้
  คอมเมนท์: วินธัย ศรีสุรางค์


 Copyright 2026. Bcnsprnw @Library